000 00701nam a22002297a 4500
005 20170124110201.0
010 _aA-853478
020 _c00.00
_a0074632639
035 _aA-853478
037 _bCen Lib/Ret
040 _aDPL
_bEN
082 _a005.3
_bMAN
100 _aMansfield, Ron
_974486
245 r _aPowerPoint for busy people /
_cby Ron Mansfield
260 _bTata McGraw-Hill Publishing Company
_aNew Delhi
_c1997
270 _a7 West Patel Nagar
_bNew Delhi
_e110008
300 _axxv,261p. :
_c23cm(Hb)
_bill.
500 _aIncludes index
650 _aPresentation graphics software
_936098
650 _aComputer graphics
_974487
942 _2ddc
_cEN
_h005.3
_mMAN
999 _c132907
_d132907